00633nam a22001097a 4500040000800000082002700008100002100035245032600056260002600382300002800408856008700436 cRUA aAGR ROE 2012 B041 Or.1 aROEM, SOMVICHEA. aRelease of nitrogen from feace andurine of cattle fed from different diets under net house condition ការបញ្ចេញអាសូតពីលាមក និងទឹកនោមគោបានពីចំណីផ្សេងៗគ្នាក្រោមលក្ខខណ្ឌផ្ទះសំណាញ់ aPhnom PenhbRUAc2012 aviii; 40p.bill.c29cm. uhttps://drive.google.com/file/d/1xi2NNKHrNhGWenAEjZoI1U1zS9MbN-g7/view?usp=sharing